00383 a2200097 4500082001200000100001700012245007200029260008200101300004500183856005700228 aBICSE-1 aWasif Abbasi aSecure Communication of an Unmanned Air Vehicle (UAV)cWasif Abbasi aIsalamabad,bNUST School of Electrical Engineering & Computer Science,c2007. a viii, 76 p. :bill. ;c27 cm. +eCD-ROM uhttp://10.250.8.41:8080/xmlui/handle/123456789/11071